000 01106nam a2200265Ia 4500
001 18359
003 GE_BSU
008 181216s||||||||xx |||||||||||||| ||und||
040 _cGE_BSU
080 _a343.3(075.8):61
100 _aგორდელაძე, თეიმურაზ
245 _aექიმის მოღვაწეობის სამართლებრივი საფუძვლები
245 _bსამედიცინო სამართალი
245 _cრედ. მანანა გორდელაძე
250 _aპეტრე შოთაძის სახ. თბილ. სამედ. აკად.
260 _aთბილისი
260 _bლეგა
260 _c2011
300 _a126გვ. 19სმ.
300 _eბიბლიოგრ.: გვ. 126
541 _h25ლ.
653 _aექიმის მოღვაწეობის სამართლებრივი საფუძვლები
653 _aსამედიცინო სამართალი
942 _cBK
999 _c51376
_d51376